| Tag |
First Indicator |
Second Indicator |
Subfields |
| LEADER |
00000cam a2200000 4500 |
| 001 |
in00000058419 |
| 005 |
20151007082248.0 |
| 008 |
760128s1915 nyu 00010 engm |
| 010 |
|
|
|a 16002000
|
| 035 |
|
|
|a (OCoLC)01950094
|
| 035 |
|
|
|9 AAF7614AM
|
| 040 |
|
|
|a DLC
|c CSU
|d TXA
|d UtOrBLW
|
| 041 |
1 |
|
|a eng
|a ita
|
| 049 |
|
|
|a TXAM
|c [7858]
|
| 050 |
0 |
0 |
|a JF2049
|b .M62
|
| 082 |
0 |
|
|a 329
|
| 092 |
|
|
|a 321.4
|b M62
|
| 100 |
1 |
|
|a Michels, Robert,
|d 1876-1936.
|
| 245 |
1 |
0 |
|a Political parties ;
|b a sociological study of the oligarchical tendencies of modern democracy /
|c by Robert Michels...tr. by Eden and Cedar Paul.
|
| 264 |
|
1 |
|a New York :
|b Hearst's International [sic] Library Co.,
|c 1915.
|
| 300 |
|
|
|a ix pages, 1., 416p. ;
|c 23cm.
|
| 336 |
|
|
|a text
|b txt
|2 rdacontent
|
| 337 |
|
|
|a unmediated
|b n
|2 rdamedia
|
| 338 |
|
|
|a volume
|b nc
|2 rdacarrier
|
| 500 |
|
|
|a "This English translation is from the Italian edition... The penultimate chapter of the present volume, specially written for the English edition, deals with Party life in war-time."--Pref.
|
| 650 |
|
0 |
|a Political parties.
|
| 650 |
|
0 |
|a Democracy.
|
| 700 |
1 |
|
|a Paul, Eden,
|d 1865-1944.
|
| 700 |
1 |
|
|a Paul, Cedar.
|
| 999 |
|
|
|a MARS
|
| 999 |
f |
f |
|s 7da8d1e0-8dcb-33c0-8209-c3f6528de651
|i ad3617f4-38e0-3b08-a65a-bc8e0025f588
|t 0
|
| 952 |
f |
f |
|p normal
|a Texas A&M University
|b College Station
|c Sterling C. Evans Library
|d Evans: Library Stacks
|t 0
|e JF2049 .M62
|h Library of Congress classification
|i unmediated -- volume
|m A14800662419
|
| 998 |
f |
f |
|a JF2049 .M62
|t 0
|l Evans: Library Stacks
|